[Event "PMPJ 2022 - C13"]
[Site "Jastrzebia Gora"]
[Date "2022.11.12"]
[Round "4.14"]
[White "Krasniewski, Grzegorz"]
[Black "Jodlowski, Robert"]
[Result "1-0"]
[BlackElo "1302"]
[WhiteElo "1129"]
[LiveChessVersion "1.4.4"]

1. e4 e5 2. Nf3 Nf6 3. Nxe5 Nc6 4. Nxc6 dxc6 5. d3 Bc5 6. Be2 h5 7. c3 Bb6 8. Bg5
Qd6 9. Bxf6 Qxf6 10. d4 c5 11. d5 Bd7 12. O-O O-O-O 13. Nd2 c6 14. Nc4 Bc7 15. d6
Bb8 16. e5 Qe6 17. f4 b5 18. Qb3 Qg6 19. Qa3 Kb7 20. Qb3 Ka8 21. Na5 Rc8 22. a4
a6 23. axb5 cxb5 24. Qd5+ 1-0

[Event "PMPJ 2022 - C13"]
[Site "Jastrzebia Gora"]
[Date "2022.11.12"]
[Round "4.15"]
[White "Protas, Jakub"]
[Black "Budzen, Wojciech"]
[Result "1-0"]
[BlackElo "1230"]
[WhiteElo "1124"]
[LiveChessVersion "1.4.4"]

1. e4 c5 2. Nf3 d6 3. d4 cxd4 4. Nxd4 Nf6 5. Nc3 a6 6. Be3 e6 7. f3 b5 8. Qd2 Bb7
9. g4 Be7 10. O-O-O Nbd7 11. h4 Qc7 12. Bh3 b4 13. Na4 Qa5 14. b3 Nc5 15. a3 Nxa4
16. axb4 Qc7 17. bxa4 Qd7 18. a5 Qa4 19. Qc3 d5 20. Qb3 Qxb3 21. Nxb3 Bxb4 22.
Bc5 Bxc5 23. Nxc5 Bc6 24. g5 Nh5 25. Rhe1 dxe4 26. fxe4 Bb5 27. Re3 Rc8 28. Nb7
O-O 29. Nd6 Rc5 30. e5 Ba4 31. Rd2 Nf4 32. Rf3 Nxh3 33. Rxh3 Rxe5 34. Rd4 Bb5 35.
Rc3 Rd5 36. Rxd5 exd5 37. Rc5 g6 38. Nxb5 axb5 39. Rxd5 b4 40. Kb2 Rc8 41. a6 Kf8
42. Kb3 Ke7 43. a7 Ra8 44. Ra5 Kd7 45. Kxb4 Kc6 46. Ra6+ Kb7 47. Kb5 h6 48. Rb6+
Kc7 49. Rf6 Rf8 50. Rxf7+ 1-0

[Event "PMPJ 2022 - C13"]
[Site "Jastrzebia Gora"]
[Date "2022.11.12"]
[Round "4.16"]
[White "Raszkiewicz, Wiktor"]
[Black "Warchol, Wiktor"]
[Result "1-0"]
[BlackElo "1254"]
[WhiteElo "1221"]
[LiveChessVersion "1.4.4"]

1. e4 c5 2. Nf3 Nc6 3. d4 cxd4 4. Nxd4 g6 5. Nc3 Bg7 6. Be3 d6 7. Bc4 Nf6 8. f3
O-O 9. Qd2 Bd7 10. O-O-O a6 11. h4 h5 12. Rdg1 Ne5 13. Be2 b5 14. Bh6 Qb6 15.
Bxg7 Kxg7 16. b3 Qc5 17. Bd1 Rac8 18. Kb2 b4 19. Nd5 Nxd5 20. exd5 Qxd5 21. Nf5+
1-0

[Event "PMPJ 2022 - C13"]
[Site "Jastrzebia Gora"]
[Date "2022.11.12"]
[Round "4.17"]
[White "Michalak, Leon"]
[Black "Kwiatkowski, Michal"]
[Result "1-0"]
[BlackElo "1198"]
[WhiteElo "1147"]
[LiveChessVersion "1.4.4"]

1. e4 c5 2. Nf3 d6 3. Bb5+ Bd7 4. Bxd7+ Nxd7 5. O-O g6 6. c3 Bg7 7. d4 cxd4 8.
cxd4 Ngf6 9. Re1 Qb6 10. Nc3 O-O 11. Qc2 Rac8 12. Be3 Ng4 13. h3 Nxe3 14. fxe3 e6
15. Qd2 a6 16. Rac1 Rfd8 17. Rc2 Qa7 18. Rec1 b5 19. Qd1 Qb7 20. Ne2 Nb6 21. Rxc8
Rxc8 22. Rxc8+ Qxc8 23. b3 Qc6 24. Qd3 Nd7 25. Kf2 e5 26. d5 Qb6 27. b4 a5 28. a3
axb4 29. axb4 Kf8 30. Nc3 Nf6 31. Nd2 Bh6 32. g4 Bg7 33. Qxb5 Qxb5 34. Nxb5 Ke7
35. Ke2 Kd7 36. Kd3 Ne8 37. Nc4 Nc7 38. Nbxd6 f6 39. Nb7 Na6 40. Nc5+ Nxc5+ 41.
bxc5 Bf8 42. Nb6+ Kc7 43. Kc4 Kb7 44. d6 Kc6 45. Nd5 Bg7 46. Ne7+ Kd7 47. Kd5 Bf8
48. c6+ 1-0

[Event "PMPJ 2022 - C13"]
[Site "Jastrzebia Gora"]
[Date "2022.11.12"]
[Round "4.18"]
[White "Kuczmik, Adam"]
[Black "Bastock, Luis"]
[Result "1-0"]
[BlackElo "1035"]
[WhiteElo "1105"]
[LiveChessVersion "1.4.4"]

1. e4 c5 2. c3 Nf6 3. e5 Nd5 4. d4 cxd4 5. cxd4 Nc6 6. Nc3 Qa5 7. Bd2 e6 8. Nf3
Bb4 9. Ne4 O-O 10. Nd6 f6 11. a3 Bxd2+ 12. Qxd2 Qc7 13. Rc1 fxe5 14. dxe5 a6 15.
Bd3 Qb8 16. Rxc6 bxc6 17. O-O a5 18. Qg5 Ba6 19. Bxh7+ Kxh7 20. Qh5+ Kg8 21. Ng5
Bd3 22. Ndf7 Rxf7 23. Qxf7+ Kh8 24. Qh5+ Kg8 25. Qf7+ Kh8 26. Rd1 Bf5 27. Rd4 Qg8
28. Rh4+ Bh7 29. Nxh7 Qxf7 30. Nf6+ 1-0

[Event "PMPJ 2022 - C13"]
[Site "Jastrzebia Gora"]
[Date "2022.11.12"]
[Round "5.1"]
[White "Bochniak, Franciszek"]
[Black "Jaszczuk, Piotr"]
[Result "1-0"]
[BlackElo "1512"]
[WhiteElo "1839"]
[LiveChessVersion "1.4.4"]

1. e4 {[%clk 1:30:57]} c5 {[%clk 1:30:51]} 2. Nf3 {[%clk 1:31:22]} e6
{[%clk 1:31:14]} 3. d4 {[%clk 1:31:47]} cxd4 {[%clk 1:31:37]} 4. Nxd4
{[%clk 1:32:11]} a6 {[%clk 1:32:00]} 5. Nc3 {[%clk 1:32:33]} Qc7 {[%clk 1:32:20]}
6. Be2 {[%clk 1:32:43]} b5 {[%clk 1:31:29]} 7. O-O {[%clk 1:30:36]} Bb7
{[%clk 1:31:44]} 8. Bf3 {[%clk 1:23:50]} Nc6 {[%clk 1:26:38]} 9. Nxc6
{[%clk 1:22:30]} Bxc6 {[%clk 1:25:54]} 10. Nd5 {[%clk 1:04:00]} Bxd5
{[%clk 1:17:38]} 11. exd5 {[%clk 1:04:17]} Rc8 {[%clk 1:17:36]} 12. c3
{[%clk 1:03:44]} Nf6 {[%clk 1:13:24]} 13. dxe6 {[%clk 1:02:28]} dxe6
{[%clk 1:13:21]} 14. Qb3 {[%clk 1:01:07]} Be7 {[%clk 1:11:15]} 15. a4
{[%clk 0:48:04]} Rb8 {[%clk 1:03:10]} 16. axb5 {[%clk 0:47:57]} axb5
{[%clk 1:03:16]} 17. Be3 {[%clk 0:38:32]} Bc5 {[%clk 0:59:47]} 18. Bxc5
{[%clk 0:36:36]} Qxc5 {[%clk 1:00:01]} 19. Ra5 {[%clk 0:37:00]} Qc4
{[%clk 0:51:52]} 20. Qa3 {[%clk 0:35:08]} Nd7 {[%clk 0:26:30]} 21. Ra6
{[%clk 0:24:55]} b4 {[%clk 0:23:29]} 22. Qa4 {[%clk 0:24:57]} O-O
{[%clk 0:22:36]} 23. b3 {[%clk 0:24:47]} Qb5 {[%clk 0:20:08]} 24. Qxb5
{[%clk 0:20:18]} Rxb5 {[%clk 0:20:30]} 25. Bc6 {[%clk 0:20:43]} Rb6
{[%clk 0:20:53]} 26. Rxb6 {[%clk 0:21:06]} Nxb6 {[%clk 0:21:16]} 27. cxb4
{[%clk 0:21:32]} Rc8 {[%clk 0:20:32]} 28. Rd1 {[%clk 0:21:31]} Kf8
{[%clk 0:20:36]} 29. b5 {[%clk 0:21:46]} Ke7 {[%clk 0:20:47]} 30. f4
{[%clk 0:22:02]} f5 {[%clk 0:18:58]} 31. Kf2 {[%clk 0:22:06]} h6 {[%clk 0:16:24]}
32. h4 {[%clk 0:21:44]} Rd8 {[%clk 0:11:28]} 33. Ra1 {[%clk 0:21:33]} Kf6
{[%clk 0:10:27]} 34. Ke3 {[%clk 0:19:11]} e5 {[%clk 0:09:13]} 35. Ra6
{[%clk 0:19:15]} exf4+ {[%clk 0:09:05]} 36. Kxf4 {[%clk 0:19:41]} Rb8
{[%clk 0:09:11]} 37. h5 {[%clk 0:19:46]} Ke6 {[%clk 0:07:28]} 38. Ra7
{[%clk 0:15:11]} Kf6 {[%clk 0:07:07]} 39. Ke3 {[%clk 0:14:58]} g5
{[%clk 0:04:16]} 40. hxg6 {[%clk 0:15:17]} Kxg6 {[%clk 0:04:32]} 41. Kd4
{[%clk 0:15:38]} Kg5 {[%clk 0:03:44]} 42. Kc5 {[%clk 0:15:39]} Kf4
{[%clk 0:03:49]} 43. Rb7 {[%clk 0:15:44]} Rxb7 {[%clk 0:04:12]} 44. Bxb7
{[%clk 0:16:12]} Nd7+ {[%clk 0:04:29]} 45. Kd6 {[%clk 0:16:30]} 1-0

[Event "PMPJ 2022 - C13"]
[Site "Jastrzebia Gora"]
[Date "2022.11.12"]
[Round "5.2"]
[White "Nocek, Dominik"]
[Black "Baranowski, Jan"]
[Result "1-0"]
[BlackElo "1212"]
[WhiteElo "1605"]
[LiveChessVersion "1.4.4"]

1. e4 {[%clk 1:30:57]} e5 {[%clk 1:30:52]} 2. Nf3 {[%clk 1:31:21]} Nf6
{[%clk 1:31:15]} 3. Nxe5 {[%clk 1:31:43]} d6 {[%clk 1:31:35]} 4. Nf3
{[%clk 1:32:04]} Nxe4 {[%clk 1:31:56]} 5. Nc3 {[%clk 1:32:22]} Nxc3
{[%clk 1:32:22]} 6. dxc3 {[%clk 1:32:44]} Nc6 {[%clk 1:32:43]} 7. Be3
{[%clk 1:31:42]} Be7 {[%clk 1:32:25]} 8. Qd2 {[%clk 1:29:33]} Be6
{[%clk 1:28:28]} 9. O-O-O {[%clk 1:22:29]} Qd7 {[%clk 1:22:32]} 10. Kb1
{[%clk 1:18:53]} Ne5 {[%clk 1:04:37]} 11. Bd4 {[%clk 1:06:38]} Bf6
{[%clk 0:58:04]} 12. Be2 {[%clk 0:44:38]} O-O-O {[%clk 0:54:33]} 13. b3
{[%clk 0:39:31]} a6 {[%clk 0:50:52]} 14. Bxe5 {[%clk 0:33:53]} dxe5
{[%clk 0:50:04]} 15. Qe3 {[%clk 0:33:44]} Qc6 {[%clk 0:38:55]} 16. Qa7
{[%clk 0:31:40]} b5 {[%clk 0:39:20]} 17. a4 {[%clk 0:29:20]} Qb7 {[%clk 0:15:54]}
18. Qxb7+ {[%clk 0:29:16]} Kxb7 {[%clk 0:16:13]} 19. axb5 {[%clk 0:29:32]} axb5
{[%clk 0:16:37]} 20. Bxb5 {[%clk 0:29:29]} c6 {[%clk 0:16:13]} 21. Be2
{[%clk 0:28:50]} c5 {[%clk 0:16:26]} 22. Kb2 {[%clk 0:27:37]} Bf5
{[%clk 0:12:43]} 23. Nd2 {[%clk 0:23:56]} Rd7 {[%clk 0:08:02]} 24. Nc4
{[%clk 0:23:17]} Rhd8 {[%clk 0:08:02]} 25. Rxd7+ {[%clk 0:21:07]} Rxd7
{[%clk 0:08:25]} 26. Rd1 {[%clk 0:20:02]} Rxd1 {[%clk 0:08:06]} 27. Bxd1
{[%clk 0:20:30]} Be6 {[%clk 0:07:08]} 28. Be2 {[%clk 0:16:08]} Kc6
{[%clk 0:07:08]} 29. Bf3+ {[%clk 0:14:23]} Kc7 {[%clk 0:02:51]} 30. Nd2
{[%clk 0:12:39]} Be7 {[%clk 0:02:44]} 31. c4 {[%clk 0:11:34]} f5 {[%clk 0:02:49]}
32. Bd5 {[%clk 0:11:10]} Bxd5 {[%clk 0:01:06]} 33. cxd5 {[%clk 0:11:37]} Kd6
{[%clk 0:01:23]} 34. c4 {[%clk 0:11:35]} Bf6 {[%clk 0:01:49]} 35. Kc2
{[%clk 0:10:21]} e4 {[%clk 0:01:01]} 36. Kd1 {[%clk 0:09:59]} Bd4
{[%clk 0:00:44]} 37. Ke2 {[%clk 0:10:18]} Ke5 {[%clk 0:01:09]} 38. Nf1
{[%clk 0:06:42]} g6 {[%clk 0:01:16]} 39. Ne3 {[%clk 0:06:07]} g5 {[%clk 0:00:41]}
40. Nc2 {[%clk 0:05:32]} Bc3 {[%clk 0:00:37]} 41. Na3 {[%clk 0:04:36]} f4
{[%clk 0:00:33]} 42. f3 {[%clk 0:04:04]} e3 {[%clk 0:00:45]} 43. Nb5
{[%clk 0:04:04]} Bb4 {[%clk 0:00:32]} 44. Kd3 {[%clk 0:03:18]} Ba5
{[%clk 0:00:39]} 45. Na7 {[%clk 0:03:15]} Kf6 {[%clk 0:00:32]} 46. Nc6
{[%clk 0:02:55]} Bb4 {[%clk 0:00:35]} 47. Nd8 {[%clk 0:01:55]} h6
{[%clk 0:00:39]} 48. g3 {[%clk 0:01:27]} Ke7 {[%clk 0:00:00]} 1-0

[Event "PMPJ 2022 - C13"]
[Site "Jastrzebia Gora"]
[Date "2022.11.12"]
[Round "5.3"]
[White "Wojtacha, Krzysztof"]
[Black "Przybylski, Jan"]
[Result "0-1"]
[BlackElo "1638"]
[WhiteElo "1506"]
[LiveChessVersion "1.4.4"]

1. e4 {[%clk 1:30:56]} e5 {[%clk 1:30:55]} 2. Nf3 {[%clk 1:31:19]} Nc6
{[%clk 1:31:21]} 3. Bb5 {[%clk 1:31:42]} a6 {[%clk 1:31:44]} 4. Ba4
{[%clk 1:32:05]} Nf6 {[%clk 1:32:08]} 5. O-O {[%clk 1:32:24]} b5 {[%clk 1:31:07]}
6. Bb3 {[%clk 1:32:46]} Be7 {[%clk 1:31:26]} 7. d4 {[%clk 1:30:58]} d6
{[%clk 1:25:07]} 8. c3 {[%clk 1:29:46]} Bg4 {[%clk 1:23:15]} 9. Be3
{[%clk 1:21:41]} O-O {[%clk 1:19:30]} 10. Nbd2 {[%clk 1:11:54]} Qb8
{[%clk 1:10:36]} 11. Re1 {[%clk 1:07:09]} Na5 {[%clk 1:06:51]} 12. Bc2
{[%clk 0:57:35]} c5 {[%clk 1:05:00]} 13. d5 {[%clk 0:53:14]} Rc8 {[%clk 0:59:54]}
14. b3 {[%clk 0:51:44]} Nb7 {[%clk 0:53:22]} 15. Nf1 {[%clk 0:44:52]} a5
{[%clk 0:52:26]} 16. c4 {[%clk 0:36:53]} a4 {[%clk 0:44:00]} 17. cxb5
{[%clk 0:29:41]} axb3 {[%clk 0:42:59]} 18. axb3 {[%clk 0:29:25]} Na5
{[%clk 0:40:11]} 19. Qe2 {[%clk 0:27:31]} Bd7 {[%clk 0:39:12]} 20. Bd3
{[%clk 0:18:49]} Nxb3 {[%clk 0:37:38]} 21. Rxa8 {[%clk 0:18:18]} Qxa8
{[%clk 0:37:26]} 22. Qb2 {[%clk 0:18:10]} c4 {[%clk 0:34:57]} 23. Bxc4
{[%clk 0:16:35]} Rxc4 {[%clk 0:35:09]} 24. Qxb3 {[%clk 0:16:59]} Rxe4
{[%clk 0:35:03]} 25. N3d2 {[%clk 0:16:18]} Ra4 {[%clk 0:32:30]} 26. b6
{[%clk 0:15:00]} Qb7 {[%clk 0:31:35]} 27. Nc4 {[%clk 0:09:45]} Nxd5
{[%clk 0:28:49]} 28. Rd1 {[%clk 0:09:25]} Rb4 {[%clk 0:17:21]} 29. Nxd6
{[%clk 0:07:51]} Rxb3 {[%clk 0:13:17]} 30. Nxb7 {[%clk 0:08:16]} Bc6
{[%clk 0:12:54]} 31. Na5 {[%clk 0:06:48]} Nxe3 {[%clk 0:12:49]} 32. Nxe3
{[%clk 0:06:32]} Rxb6 {[%clk 0:13:00]} 33. Nec4 {[%clk 0:06:54]} Ba4
{[%clk 0:06:11]} 34. Re1 {[%clk 0:06:35]} Re6 {[%clk 0:05:28]} 35. Rxe5
{[%clk 0:05:27]} Rxe5 {[%clk 0:05:22]} 36. Nxe5 {[%clk 0:05:52]} Bb5
{[%clk 0:05:25]} 37. Nb3 {[%clk 0:05:43]} Bf6 {[%clk 0:05:25]} 38. Nf3
{[%clk 0:05:27]} Bc4 {[%clk 0:05:21]} 39. Nc5 {[%clk 0:05:06]} Be7
{[%clk 0:05:35]} 40. Nd7 {[%clk 0:04:43]} f6 {[%clk 0:05:13]} 41. h3
{[%clk 0:04:14]} Be6 {[%clk 0:05:16]} 42. Nb6 {[%clk 0:04:28]} Kf7
{[%clk 0:05:13]} 43. g4 {[%clk 0:03:35]} h5 {[%clk 0:04:31]} 44. Nd4
{[%clk 0:01:08]} Ba2 {[%clk 0:04:20]} 45. Nf5 {[%clk 0:01:13]} Bd8
{[%clk 0:04:00]} 46. Nc8 {[%clk 0:01:15]} Be6 {[%clk 0:03:38]} 47. Ncd6+
{[%clk 0:01:27]} Kf8 {[%clk 0:03:14]} 48. Nd4 {[%clk 0:00:40]} Bd7
{[%clk 0:03:14]} 49. gxh5 {[%clk 0:00:40]} Bxh3 {[%clk 0:02:57]} 50. N6f5
{[%clk 0:00:41]} Kg8 {[%clk 0:01:45]} 51. Ng3 {[%clk 0:00:54]} Bg4
{[%clk 0:01:30]} 52. f3 {[%clk 0:00:46]} Bxh5 {[%clk 0:01:17]} 53. Nxh5
{[%clk 0:01:15]} Bb6 {[%clk 0:01:46]} 54. Kg2 {[%clk 0:01:31]} Bxd4
{[%clk 0:02:12]} 55. Kh3 {[%clk 0:01:49]} Kf7 {[%clk 0:02:12]} 56. Kg4
{[%clk 0:01:58]} g6 {[%clk 0:02:22]} 57. Nf4 {[%clk 0:02:17]} f5+
{[%clk 0:02:35]} 58. Kh3 {[%clk 0:02:12]} Be5 {[%clk 0:02:47]} 59. Nd3
{[%clk 0:02:19]} Bd6 {[%clk 0:03:03]} 60. Kg2 {[%clk 0:02:09]} Ke6
{[%clk 0:03:10]} 61. Nf2 {[%clk 0:01:28]} Ke5 {[%clk 0:03:21]} 62. Nh3
{[%clk 0:01:36]} Bc5 {[%clk 0:03:28]} 63. Ng5 {[%clk 0:01:20]} Kf6
{[%clk 0:03:29]} 64. Nh3 {[%clk 0:01:39]} g5 {[%clk 0:03:47]} 65. Kg3
{[%clk 0:01:54]} Be3 {[%clk 0:03:58]} 66. f4 {[%clk 0:00:47]} g4 {[%clk 0:03:36]}
67. Ng5 {[%clk 0:01:08]} Bb6 {[%clk 0:02:55]} 68. Nh7+ {[%clk 0:01:15]} Kg7
{[%clk 0:03:09]} 69. Ng5 {[%clk 0:01:41]} Kf6 {[%clk 0:03:18]} 70. Nh7+
{[%clk 0:02:06]} Ke7 {[%clk 0:03:40]} 71. Ng5 {[%clk 0:02:07]} Ba5
{[%clk 0:03:48]} 72. Nh7 {[%clk 0:00:40]} Be1+ {[%clk 0:04:07]} 73. Kg2
{[%clk 0:01:04]} Bh4 {[%clk 0:04:26]} 74. Ng5 {[%clk 0:00:35]} Bxg5
{[%clk 0:04:52]} 75. fxg5 {[%clk 0:00:59]} f4 {[%clk 0:05:17]} 0-1

[Event "PMPJ 2022 - C13"]
[Site "Jastrzebia Gora"]
[Date "2022.11.12"]
[Round "5.4"]
[White "Zielonka, Adam"]
[Black "Wasiluk, Mateusz"]
[Result "1-0"]
[BlackElo "1477"]
[WhiteElo "2058"]
[LiveChessVersion "1.4.4"]

1. e4 {[%clk 1:30:59]} c5 {[%clk 1:30:54]} 2. Nf3 {[%clk 1:31:25]} e6
{[%clk 1:31:19]} 3. d4 {[%clk 1:31:51]} cxd4 {[%clk 1:31:45]} 4. Nxd4
{[%clk 1:32:16]} Nf6 {[%clk 1:32:11]} 5. Nc3 {[%clk 1:32:42]} d6 {[%clk 1:32:37]}
6. g4 {[%clk 1:33:06]} h6 {[%clk 1:33:03]} 7. g5 {[%clk 1:33:22]} hxg5
{[%clk 1:32:10]} 8. Bxg5 {[%clk 1:33:49]} Be7 {[%clk 1:28:08]} 9. Qd2
{[%clk 1:29:22]} a6 {[%clk 1:20:59]} 10. Bg2 {[%clk 1:21:54]} Bd7
{[%clk 1:17:36]} 11. O-O-O {[%clk 1:20:47]} Nc6 {[%clk 1:10:33]} 12. f4
{[%clk 1:17:31]} Rc8 {[%clk 1:05:15]} 13. h4 {[%clk 1:05:03]} b5 {[%clk 0:50:10]}
14. e5 {[%clk 0:59:37]} dxe5 {[%clk 0:47:02]} 15. Nxc6 {[%clk 0:59:53]} Bxc6
{[%clk 0:42:33]} 16. Bxc6+ {[%clk 1:00:08]} Rxc6 {[%clk 0:42:34]} 17. Qxd8+
{[%clk 1:00:35]} Bxd8 {[%clk 0:42:56]} 18. Rxd8+ {[%clk 1:01:01]} Kxd8
{[%clk 0:43:19]} 19. fxe5 {[%clk 1:01:27]} Kc8 {[%clk 0:41:34]} 20. exf6 g6
{[%clk 0:41:56]} 21. Ne4 {[%clk 0:58:15]} Rd8 {[%clk 0:39:21]} 22. Rd1
{[%clk 0:57:42]} Rxd1+ {[%clk 0:36:38]} 23. Kxd1 {[%clk 0:58:11]} Kd7
{[%clk 0:36:46]} 24. Kd2 {[%clk 0:56:47]} e5 {[%clk 0:34:00]} 25. Kd3
{[%clk 0:52:59]} Ke6 {[%clk 0:32:45]} 26. b3 {[%clk 0:50:35]} b4 27. Bd2
{[%clk 0:50:03]} a5 {[%clk 0:31:49]} 28. c3 {[%clk 0:49:24]} bxc3
{[%clk 0:31:45]} 29. Bxc3 {[%clk 0:49:46]} Kd5 {[%clk 0:27:38]} 30. Bxa5
{[%clk 0:49:18]} Rc1 {[%clk 0:27:58]} 31. Ng5 {[%clk 0:47:28]} Rf1
{[%clk 0:27:57]} 32. Bd8 {[%clk 0:47:44]} Rh1 {[%clk 0:27:19]} 33. Nxf7
{[%clk 0:46:48]} Rxh4 {[%clk 0:27:39]} 34. Ng5 {[%clk 0:45:18]} Rf4
{[%clk 0:27:53]} 35. Be7 {[%clk 0:45:31]} e4+ {[%clk 0:28:05]} 36. Ke3
{[%clk 0:45:46]} Rf5 {[%clk 0:28:23]} 37. f7 {[%clk 0:46:10]} Rxf7
{[%clk 0:27:57]} 38. Nxf7 {[%clk 0:46:35]} Ke6 {[%clk 0:28:21]} 39. Ng5+
{[%clk 0:47:00]} Kxe7 {[%clk 0:28:46]} 40. Nxe4 {[%clk 0:47:25]} 1-0

[Event "PMPJ 2022 - C13"]
[Site "Jastrzebia Gora"]
[Date "2022.11.12"]
[Round "5.5"]
[White "Kowalski, Witold"]
[Black "Klim, Juliusz"]
[Result "0-1"]
[BlackElo "1485"]
[WhiteElo "1528"]
[LiveChessVersion "1.4.4"]

1. d4 d5 2. c4 e6 3. Nf3 Nf6 4. Nbd2 c5 5. dxc5 Bxc5 6. g3 Nc6 7. Bg2 Bxf2+ 8.
Kxf2 Ng4+ 9. Ke1 Qb6 10. Nf1 Qf2+ 11. Kd2 Qxg2 12. Ne3 Nxe3 13. Kxe3 O-O 14. Rg1
Qh3 15. Kf2 dxc4 16. Qc2 b5 17. a4 Ba6 18. b3 Qf5 19. e4 Qxf3+ 20. Kxf3 Nd4+ 21.
Kf2 Nxc2 0-1

[Event "PMPJ 2022 - C13"]
[Site "Jastrzebia Gora"]
[Date "2022.11.12"]
[Round "5.6"]
[White "Grobelny, Mikolaj"]
[Black "Chomicki, Kornel"]
[Result "1/2-1/2"]
[BlackElo "1313"]
[WhiteElo "1493"]
[LiveChessVersion "1.4.4"]

1. e4 {[%clk 1:30:56]} e5 {[%clk 1:30:53]} 2. Nf3 {[%clk 1:31:21]} Nc6
{[%clk 1:31:19]} 3. Bb5 {[%clk 1:32:10]} a6 {[%clk 1:31:33]} 4. Ba4
{[%clk 1:32:36]} b5 {[%clk 1:31:51]} 5. Bb3 {[%clk 1:32:20]} d6 {[%clk 1:31:17]}
6. d3 {[%clk 1:32:35]} Be7 {[%clk 1:31:11]} 7. Nc3 {[%clk 1:32:36]} Nf6
{[%clk 1:17:51]} 8. a3 {[%clk 1:32:49]} O-O {[%clk 1:17:51]} 9. Nd5
{[%clk 1:32:13]} Na5 {[%clk 1:07:20]} 10. Ba2 c6 {[%clk 1:07:34]} 11. Nxf6+
{[%clk 1:29:50]} Bxf6 {[%clk 0:52:58]} 12. h4 {[%clk 1:00:43]} Bg4
{[%clk 0:39:28]} 13. Be3 {[%clk 1:00:06]} c5 {[%clk 0:38:53]} 14. Bd5
{[%clk 0:51:51]} Rc8 {[%clk 0:30:57]} 15. Qd2 {[%clk 0:49:05]} Nc6
{[%clk 0:26:37]} 16. Ng5 {[%clk 0:41:56]} Nd4 {[%clk 0:26:27]} 17. Bxd4
{[%clk 0:33:57]} cxd4 {[%clk 0:22:29]} 18. f3 {[%clk 0:20:17]} Bd7
{[%clk 0:18:48]} 19. Ke2 {[%clk 0:16:44]} h6 {[%clk 0:17:15]} 20. Nh3
{[%clk 0:16:30]} Bc6 {[%clk 0:17:19]} 21. Bb3 {[%clk 0:12:58]} d5
{[%clk 0:15:42]} 22. g3 {[%clk 0:12:21]} Qd7 {[%clk 0:15:02]} 23. Nf2
{[%clk 0:11:52]} dxe4 {[%clk 0:12:16]} 24. fxe4 {[%clk 0:10:05]} Qe7
{[%clk 0:12:06]} 25. Raf1 {[%clk 0:07:49]} Bd7 {[%clk 0:10:32]} 26. Ke1
{[%clk 0:06:29]} Be6 {[%clk 0:10:37]} 27. Bxe6 {[%clk 0:06:06]} Qxe6
{[%clk 0:10:37]} 28. g4 {[%clk 0:06:06]} Be7 {[%clk 0:10:09]} 29. g5
{[%clk 0:04:44]} h5 {[%clk 0:09:42]} 30. Ke2 {[%clk 0:02:25]} Rc7
{[%clk 0:09:52]} 31. Rc1 {[%clk 0:01:13]} Rfc8 {[%clk 0:10:14]} 32. Rhg1
{[%clk 0:01:19]} g6 {[%clk 0:09:34]} 33. Rg3 a5 {[%clk 0:09:53]} 34. Nd1
{[%clk 0:00:48]} b4 {[%clk 0:10:07]} 35. axb4 {[%clk 0:00:41]} axb4
{[%clk 0:08:35]} 36. b3 {[%clk 0:01:01]} 1/2-1/2

[Event "PMPJ 2022 - C13"]
[Site "Jastrzebia Gora"]
[Date "2022.11.12"]
[Round "5.7"]
[White "Rabenda, Piotr"]
[Black "Rajlich, Vaclav"]
[Result "0-1"]
[BlackElo "1488"]
[WhiteElo "1381"]
[LiveChessVersion "1.4.4"]

1. d4 {[%clk 1:30:58]} Nf6 {[%clk 1:30:57]} 2. c4 {[%clk 1:31:24]} g6
{[%clk 1:31:25]} 3. Nc3 {[%clk 1:31:50]} Bg7 {[%clk 1:31:52]} 4. e4
{[%clk 1:32:17]} d6 {[%clk 1:32:20]} 5. f3 {[%clk 1:32:42]} O-O {[%clk 1:32:22]}
6. Be3 {[%clk 1:33:09]} e5 {[%clk 1:32:09]} 7. Nge2 {[%clk 1:33:27]} Nc6
{[%clk 1:32:33]} 8. Qd2 {[%clk 1:33:42]} exd4 {[%clk 1:30:30]} 9. Nxd4
{[%clk 1:34:03]} Nxd4 {[%clk 1:30:29]} 10. Bxd4 {[%clk 1:34:30]} Be6
{[%clk 1:30:05]} 11. Be2 {[%clk 1:34:18]} a5 {[%clk 1:29:15]} 12. O-O-O
{[%clk 1:33:00]} Qe8 {[%clk 1:20:12]} 13. Nd5 {[%clk 1:28:44]} Bxd5
{[%clk 1:18:26]} 14. exd5 {[%clk 1:26:59]} Qa4 {[%clk 1:17:56]} 15. Kb1
{[%clk 1:25:40]} Rfe8 {[%clk 1:16:17]} 16. Rhe1 {[%clk 1:19:33]} c5
{[%clk 1:11:41]} 17. Bc3 {[%clk 1:15:28]} Nd7 {[%clk 1:07:29]} 18. Bxg7
{[%clk 1:06:17]} Kxg7 {[%clk 1:07:55]} 19. Qc3+ {[%clk 1:05:25]} Kg8
{[%clk 1:08:16]} 20. Qc2 {[%clk 1:04:16]} Qxc2+ {[%clk 1:06:27]} 21. Kxc2
{[%clk 1:04:45]} Re5 {[%clk 1:05:58]} 22. Bd3 {[%clk 0:51:16]} Kg7
{[%clk 1:03:25]} 23. f4 {[%clk 0:50:05]} Rh5 {[%clk 1:02:27]} 24. h3
{[%clk 0:49:58]} Rh4 {[%clk 1:01:20]} 25. Re7 {[%clk 0:44:26]} Rd8
{[%clk 1:00:56]} 26. Rf1 {[%clk 0:43:52]} Kf6 {[%clk 1:01:05]} 27. Re3
{[%clk 0:43:04]} b5 {[%clk 0:57:50]} 28. b3 {[%clk 0:36:15]} Nb6 {[%clk 0:57:03]}
29. f5 {[%clk 0:31:55]} g5 {[%clk 0:56:10]} 30. Kc3 {[%clk 0:25:36]} Rd4
{[%clk 0:53:46]} 31. g4 {[%clk 0:19:14]} Rb8 {[%clk 0:52:53]} 32. Re2
{[%clk 0:15:50]} bxc4 {[%clk 0:49:23]} 33. bxc4 {[%clk 0:16:02]} Na4+
{[%clk 0:49:49]} 34. Kd2 {[%clk 0:16:12]} Nb2 {[%clk 0:50:05]} 35. Rf3
{[%clk 0:13:57]} Nxc4+ {[%clk 0:50:12]} 36. Kc3 {[%clk 0:11:18]} Ne5
{[%clk 0:50:07]} 37. Rfe3 {[%clk 0:10:52]} Rxd5 {[%clk 0:49:58]} 38. Bc4
{[%clk 0:09:13]} Rd4 {[%clk 0:49:40]} 39. Bb3 {[%clk 0:08:38]} a4
{[%clk 0:49:47]} 40. Bc2 {[%clk 0:08:54]} Rc4+ {[%clk 0:49:52]} 41. Kd2
{[%clk 0:09:18]} Rb2 {[%clk 0:50:00]} 42. Kd1 {[%clk 0:08:29]} Rxa2
{[%clk 0:50:01]} 43. Bd3 {[%clk 0:07:20]} Ra1+ {[%clk 0:49:47]} 44. Kd2
{[%clk 0:07:41]} Rd4 {[%clk 0:50:07]} 45. Kc2 {[%clk 0:06:38]} Nxd3
{[%clk 0:48:51]} 46. Rxd3 {[%clk 0:05:57]} Ra2+ {[%clk 0:49:18]} 0-1